<?xml version="1.0" encoding="UTF-8"?>
<record
    xmlns:xsi="http://www.w3.org/2001/XMLSchema-instance"
    xsi:schemaLocation="http://www.loc.gov/MARC21/slim http://www.loc.gov/standards/marcxml/schema/MARC21slim.xsd"
    xmlns="http://www.loc.gov/MARC21/slim">

  <leader>00674nam a22001337a 4500</leader>
  <datafield tag="040" ind1=" " ind2=" ">
    <subfield code="c">RUA</subfield>
  </datafield>
  <datafield tag="082" ind1=" " ind2=" ">
    <subfield code="a">AGR EM 2012 B053 Or.1</subfield>
  </datafield>
  <datafield tag="100" ind1=" " ind2=" ">
    <subfield code="a">EM, VECHETH.</subfield>
  </datafield>
  <datafield tag="245" ind1=" " ind2=" ">
    <subfield code="a">effect of rice huskcharcoal and fertilizer on sweet corn at royal university of agriculture ( &#x1794;&#x17D2;&#x179A;&#x179F;&#x17B7;&#x1791;&#x17D2;&#x1792;&#x1797;&#x17B6;&#x1796;&#x1792;&#x17D2;&#x1799;&#x17BC;&#x1784;&#x17A2;&#x1784;&#x17D2;&#x1780;&#x17B6;&#x1798; &#x1793;&#x17B7;&#x1784;&#x1782;&#x17B8;&#x1798;&#x17B8;&#x179B;&#x17BE;&#x178A;&#x17C6;&#x178E;&#x17B6;&#x17C6;&#x1796;&#x17C4;&#x178F;&#x1795;&#x17D2;&#x17A2;&#x17C2;&#x1798;&#x1793;&#x17C5;&#x179F;&#x17B6;&#x1780;&#x179B;&#x179C;&#x17B7;&#x1791;&#x17D2;&#x1799;&#x17B6;&#x179B;&#x17D0;&#x1799;&#x1797;&#x17BC;&#x1798;&#x17B7;&#x1793;&#x17D2;&#x1791;&#x1780;&#x179F;&#x17B7;&#x1780;&#x200B;&#x1798;&#x17D2;&#x1798;)&#x200B;</subfield>
  </datafield>
  <datafield tag="260" ind1=" " ind2=" ">
    <subfield code="a">Phnom Penh</subfield>
    <subfield code="b">RUA</subfield>
    <subfield code="c">2012</subfield>
  </datafield>
  <datafield tag="300" ind1=" " ind2=" ">
    <subfield code="a">xii, 48p.</subfield>
    <subfield code="b">ill.</subfield>
    <subfield code="c">29cm.</subfield>
  </datafield>
  <datafield tag="856" ind1=" " ind2=" ">
    <subfield code="u">https://drive.google.com/file/d/1wxvmOuIMs4gdwjG9v9cspEop1iknU_0y/view?usp=sharing</subfield>
  </datafield>
  <datafield tag="942" ind1=" " ind2=" ">
    <subfield code="c">AGR</subfield>
  </datafield>
  <datafield tag="999" ind1=" " ind2=" ">
    <subfield code="c">1387</subfield>
    <subfield code="d">1387</subfield>
  </datafield>
  <datafield tag="952" ind1=" " ind2=" ">
    <subfield code="0">0</subfield>
    <subfield code="1">0</subfield>
    <subfield code="2">ddc</subfield>
    <subfield code="4">0</subfield>
    <subfield code="6">AGR_EM_2012_000000000000000_B053_OR_1</subfield>
    <subfield code="7">0</subfield>
    <subfield code="9">6020</subfield>
    <subfield code="a">LBB</subfield>
    <subfield code="b">LBB</subfield>
    <subfield code="c">B053</subfield>
    <subfield code="d">2015-09-28</subfield>
    <subfield code="l">3</subfield>
    <subfield code="o">AGR EM 2012 B053 Or.1</subfield>
    <subfield code="p">RUA004903</subfield>
    <subfield code="r">2022-01-12</subfield>
    <subfield code="s">2021-12-24</subfield>
    <subfield code="w">2015-09-28</subfield>
    <subfield code="y">AGR</subfield>
  </datafield>
  <datafield tag="952" ind1=" " ind2=" ">
    <subfield code="0">0</subfield>
    <subfield code="1">0</subfield>
    <subfield code="2">ddc</subfield>
    <subfield code="4">0</subfield>
    <subfield code="6">AGR_EM_2012_000000000000000_B053_OR_2</subfield>
    <subfield code="7">0</subfield>
    <subfield code="9">6035</subfield>
    <subfield code="a">LBB</subfield>
    <subfield code="b">LBB</subfield>
    <subfield code="c">B053</subfield>
    <subfield code="d">2015-09-28</subfield>
    <subfield code="l">10</subfield>
    <subfield code="m">2</subfield>
    <subfield code="o">AGR EM 2012 B053 Or.2</subfield>
    <subfield code="p">RUA004551</subfield>
    <subfield code="r">2026-04-01</subfield>
    <subfield code="s">2026-03-12</subfield>
    <subfield code="w">2015-09-28</subfield>
    <subfield code="y">AGR</subfield>
  </datafield>
  <datafield tag="952" ind1=" " ind2=" ">
    <subfield code="0">0</subfield>
    <subfield code="1">0</subfield>
    <subfield code="2">ddc</subfield>
    <subfield code="4">0</subfield>
    <subfield code="6">AGR_EM_2012_000000000000000_B053_OR_3</subfield>
    <subfield code="7">0</subfield>
    <subfield code="9">6036</subfield>
    <subfield code="a">LBB</subfield>
    <subfield code="b">LBB</subfield>
    <subfield code="c">B053</subfield>
    <subfield code="d">2015-09-28</subfield>
    <subfield code="l">11</subfield>
    <subfield code="m">1</subfield>
    <subfield code="o">AGR EM 2012 B053 Or.3</subfield>
    <subfield code="p">RUA005916</subfield>
    <subfield code="r">2024-07-03</subfield>
    <subfield code="s">2024-06-25</subfield>
    <subfield code="w">2015-09-28</subfield>
    <subfield code="y">AGR</subfield>
  </datafield>
  <datafield tag="952" ind1=" " ind2=" ">
    <subfield code="0">0</subfield>
    <subfield code="1">0</subfield>
    <subfield code="2">ddc</subfield>
    <subfield code="4">0</subfield>
    <subfield code="6">AGR_EM_2012_000000000000000_B053_OR_4</subfield>
    <subfield code="7">0</subfield>
    <subfield code="9">6037</subfield>
    <subfield code="a">LBB</subfield>
    <subfield code="b">LBB</subfield>
    <subfield code="c">B053</subfield>
    <subfield code="d">2015-09-28</subfield>
    <subfield code="l">11</subfield>
    <subfield code="m">1</subfield>
    <subfield code="o">AGR EM 2012 B053 Or.4</subfield>
    <subfield code="p">RUA017982</subfield>
    <subfield code="r">2025-07-07</subfield>
    <subfield code="s">2025-06-16</subfield>
    <subfield code="w">2015-09-28</subfield>
    <subfield code="y">AGR</subfield>
  </datafield>
</record>
